| 000 | 01467nam a2200277Ia 4500 | ||
|---|---|---|---|
| 999 |
_c41392 _d41392 |
||
| 001 | 8054 | ||
| 003 | GE_BSU | ||
| 005 | 20200116171527.0 | ||
| 008 | 181216s2012||||ge |||||||||||||| ||geo|| | ||
| 020 | _a9789941043550 | ||
| 040 | _cGE_BSU | ||
| 041 | _ageo | ||
| 080 | _a821.353.1-1 | ||
| 100 |
_aბუკია, ციცინო _96183 |
||
| 245 |
_aცისარტყელა ღრუბელში : _b[რომანი] / _cციცინო ბუკია ; [წინასიტყვ. მაყვალა გონაშვილი ; რედ. ნანა ბაგათელია ; მხატვ. ნინო ხმალაძე, მაგდა თუთბერიძე, რუსუდან წულაია]. |
||
| 264 |
_aთბილისი : _bმერანი, _c2012. |
||
| 300 |
_a516 გვ.; _b21 სმ. |
||
| 653 | _aრომანი | ||
| 653 | _aმხატვრული ლიტერატურა | ||
| 700 |
_aბაგათელია, ნანა _eრედაქტორი _96184 |
||
| 700 |
_aგონაშვილი, მაყვალა _eწინასიტყვაობა _96185 |
||
| 700 |
_a ხმალაძე, ნინო _eმხატვარი _96186 |
||
| 700 |
_aთუთბერიძე, მაგდა _eმხატვარი _96187 |
||
| 700 |
_a წულაია, რუსუდან _eმხატვარი _96188 |
||
| 942 |
_cBK _2udc |
||